Tratado de policía y obras públicas urbanas en el concepto de su legislación antigua y moderna / por Modesto Fossas Pi
Descripción Física:
653 p. ; 22 cm
MARC
| LEADER | 00000nam a2200000Ia 4500 | ||
|---|---|---|---|
| 001 | 14135 | ||
| 008 | 160829s1872 xx 000 0 cat d | ||
| 080 | |a D-2-78 | ||
| 100 | |a Fossas Pi, Modesto |9 24544 | ||
| 245 | |a Tratado de policía y obras públicas urbanas en el concepto de su legislación antigua y moderna / por Modesto Fossas Pi | ||
| 260 | |a Barcelona : |b Narciso Ramirez, |c 1872 | ||
| 300 | |a 653 p. ; |c 22 cm | ||
| 590 | |a Índex cronològic. | ||
| 590 | |a Signatura de l'autor | ||
| 650 | |a Obres públiques |x Dret i legislació |x Espanya |x S. XIX |9 24547 | ||
| 901 | |a Arxiu | ||
| 942 | |n 1 | ||
| 952 | |0 0 |1 0 |4 0 |6 D278 |7 1 |9 43204 |a Arxiu |b Arxiu |d 2016-12-01 |l 0 |o D-2-78 |p 14135 |r 2016-12-01 00:00:00 |w 2016-12-01 |y ARXIU | ||
| 999 | |c 45748 |d 45748 | ||